Регионална библиотека "Любен Каравелов" - Русе

Коледа в голямото дърво (Запис номер 521356)

MARC детайли
000 -Лидер
Лидер 01047nam a2200289 a 4500
003 - Код на организацията, давaща контролен номер
Код на организацията, даваща контролен номер BLK
005 - Дата и час на последна редакция
Дата и час на последна редакция 20250722113829.0
007 - Фиксирано поле за физическо описани
Физическо описание ta
008 - Елементи от данни с фиксирана дължина
Елементи с фиксирана дължина 221104b bu |||||r|||| 00| | bu d
020 ## - Международен стандартен номер на книга ISBN
ISBN 9786192432997
040 ## - Източник на каталожния запис
Код на библиотеката BLK
041 ## - Код за език
Език Български
Език за КДБФ Български
080 ## - УДК
9 (RLIN) 240643
УДК текст Френска литература
УДК код 821.133.1
УДК – определител -93
УДК – код + определител 821.133.1-93
084 ## - Класификационен индекс по друга класификация
Авторски знак Мис - М 69
100 ## - Редна дума - Автор
R(LIN) 495988
Автор Мислен, Силви
245 ## - Сведения за заглавието
Заглавие Коледа в голямото дърво
Авторска отговорност Силви Мислен, Фабиен Йокто Ламбер; прев. от фр. Виолета Петрова
260 ## - Област на издателските данни
9 (RLIN) 209461
Място на издаване София
Име на издателя Прозорец
Година на издаване 2024
300 ## - Физическа характеристика
Брой страници 15 с.
Размер 32 см
380 ## - Жанр
Жанр Детска худож. лит.
500 ## - Общи забележки
Обща забележка Ориг. загл. "Noël dans le grand arbre"
700 ## - Други автори (авторска отговорност)
9 (RLIN) 485672
Друг автор Ламбер, Фабиен Йокто
700 1# - Други автори (авторска отговорност)
9 (RLIN) 109982
Друг автор Петрова, Виолета
852 ## - Местоположение
Отдел Детски отдел
Систематично-азбучна сигнатура 821-93/М 69 С
856 ## - Електронен адрес и достъп
Инструкция (цена за достъп) 0.00
Права за достъп disable
942 ## - АРТИКУЛИ
Вид на библиотечния документ Книги
Скрит в OPAC Не
Koha issues (borrowed), all copies 11
944 ## - СЪЗДАВАНЕ И РЕДАКЦИЯ на ЗАПИСА
Създаване/Редакция
Дата на регистрацията/редакция Моника Янева
Служител, извършил регистрацията/редакцията 30564
Номер на служител Анна Гръцманова
999 ## - СИСТЕМНИ КОНТРОЛНИ НОМЕРА
Koha biblionumber 521356
Koha biblioitemnumber 521356
Наличности
Код за отписване Код за изгубен артикул Източник на класификационната схема Код за повреда Код за отдаване Артикулен № Име на библиотеката - собственик Име на библиотеката, в която се намира в момента Статус (Текущо местоположение) Дата на вписване в системата Местоположение - отдел Цена в лева Инвентарен номер Систематично азбучна сигнатура Баркод Цена в евро Служебен тип на артикула
  Не е изгубен Universal Decimal Classification Не е повреден заемане за дома 954142 Регионална библиотека "Любен Каравелов" Русе Регионална библиотека "Любен Каравелов" Русе Детски отдел 2024-11-07 Детски отдел 18.75 120000914851 821-93/М 69 С 120000914851 9.59 Книги
  Не е изгубен Universal Decimal Classification Не е повреден заемане за дома 954143 Регионална библиотека "Любен Каравелов" Русе Регионална библиотека "Любен Каравелов" Русе Детски отдел 2024-11-07 Детски отдел 18.75 120000914852 821-93/М 69 С 120000914852 9.59 Книги
Vip Innovations Ltd, Rousse, Bulgaria 2025